El derecho a la reparación de los pueblos indígenas (Registro nro. 302161)

Detalles MARC
000 -ENCABEZADO
Número de control [NR] 01211 a2200277 4500
005 - FECHA Y HORA DE LA ÚLTIMA TRANSACCIÓN
control field 20151125114424.0
008 - DE LONGITUD FIJA DE DATOS DE ELEMENTOS - INFORMACIÓN GENERAL
Elementos de longitud fija [NR] 151125s2011 ck a fr|||| 000 0 spa d
020 ## - NUMERO INTERNACIONAL NORMALIZADO PARA LIBROS [R]
Número Internacional Normalizado del libro [NR] 9789589914250
040 ## - FUENTE DE CATALOGACION [NR]
Agencia de catalogación original [NR] CO-BoUCM
Idioma de catalogación [NR] spa
Quien Cataloga Sandra Palacio
Quien Clasifica Sandra Palacio
041 0# - CODIGO DE IDIOMA [R]
Código de idioma para texto/pista de sonido o título separado [R] Español
245 03 - MENCION DE TITULO [NR]
Título [NR] El derecho a la reparación de los pueblos indígenas
Mención de responsabilidad, etc. [NR] Centro de Estudios de Derecho y Justicia, Organización de Indígenas de Colombia
246 00 - FORMA VARIANTE DEL TITULO [R]
Título propiamente dicho/forma breve del título [NR] Tejiendo derechos
Parte restante del título [NR] La reparación a los pueblos indígenas
260 ## - PUBLICACION, DISTRIBUCION, ETC. (PIE DE IMPRENTA) [R]
Lugar de publicación, distribución, etc. [R] Bogotá (Colombia)
Nombre del editor, distribuidor, etc. [R] Centro de Estudios de Derecho, Justicia y Sociedad
Fecha de publicación, distribución, etc. [R] 2011
300 ## - DESCRIPCION FISICA [R]
Extensión [R] 70 páginas
490 0# - MENCION DE SERIE [R]
Mención de serie [R] Tjiendo derechos
ISBN [NR] 2
650 #7 - ASIENTO SECUNDARIO DE MATERIA - TERMINO TEMATICO [R]
9 (RLIN) 33399
Término temático o nombre geográfico como elemento de entrada [NR] Reparación (Derecho)
Subdivisión general [R] Indígenas
650 #7 - ASIENTO SECUNDARIO DE MATERIA - TERMINO TEMATICO [R]
9 (RLIN) 12416
Término temático o nombre geográfico como elemento de entrada [NR] Culturas indígenas
Subdivisión general [R] Aspectos sociales
650 #7 - ASIENTO SECUNDARIO DE MATERIA - TERMINO TEMATICO [R]
9 (RLIN) 46713
Término temático o nombre geográfico como elemento de entrada [NR] Víctimas de la violencia
Subdivisión geográfica [R] Colombia
650 #7 - ASIENTO SECUNDARIO DE MATERIA - TERMINO TEMATICO [R]
9 (RLIN) 12725
Término temático o nombre geográfico como elemento de entrada [NR] Derecho constitucional
Subdivisión general [R] Indígenas
Subdivisión geográfica [R] Colombia
690 ## - ASUNTO AGREGADO LOCAL DE ENTRADA - TÉRMINO TEMÁTICO (OCLC, RLIN)
9 (RLIN) 42766
Acceso temático local Derecho civil
710 2# - ASIENTO SECUNDARIO - NOMBRE CORPORATIVO [R]
Nombre corporativo o de jurisdicción como elemento de entrada [NR] Centro de Estudios de Derecho y Justicia (Colombia)
9 (RLIN) 73977
710 2# - ASIENTO SECUNDARIO - NOMBRE CORPORATIVO [R]
Nombre corporativo o de jurisdicción como elemento de entrada [NR] Organización de Indígenas de Colombia
9 (RLIN) 73978
710 2# - ASIENTO SECUNDARIO - NOMBRE CORPORATIVO [R]
Nombre corporativo o de jurisdicción como elemento de entrada [NR] Reino de los Países Bajos
9 (RLIN) 73979
942 ## - ELEMENTOS DE ENTRADA AGREGADOS (KOHA)
Sistema de clasificación DEWEY
Tema principal Derecho
Tipo de ítem principal el descrito en 300a Libro
Edición 1
Clasificación 346.03
Parte restante de la signatura top. D431de
Existencias
Fecha de último préstamo Total préstamos Total Renewals Signatura topográfica Código de barras Última vez visto Ejemplar Costo de reposición Price effective from Tipo de ítem Perdido Sistema de clasificación Dañado No prestable Tipo de ítem específico Suprimido Ubicación habitual Ubicación actual Localización Fecha de creación Proveedor Forma de adquisición Costo
05/08/2016 1 2 346.03 D431de 100148536 09/12/2025 Ej.1 26000.00 23/11/2015 Libro   DEWEY     Libro   Claustro Claustro 3er piso 23/11/2015 12 Donación 0.00